Регионална библиотека "Любен Каравелов" - Русе

Deutsche Idiomatik (Запис номер 49397)

MARC детайли
000 -Лидер
Контролно поле с фиксирана дължина 00895nam a2200277 c 4500
003 - Код на организацията, давaща контролен номер
Контролно поле BLK
005 - Дата и час на последна редакция
Контролно поле 20180420222005.0
008 - Елементи от данни с фиксирана дължина
fixed length control field 180408b bul|||||r ||||||| ||bul||
010 ## - Наследен системен номер
LC control number KNG00053247000
020 ## - Международен стандартен номер на книга ISBN
Международен стандартен номер на книга ISBN 3-12-517780-4
-- издат.: Klett
040 ## - Източник на каталожния запис
Идентификатор на билиотеката - собственик на записа BLK
041 ## - Код за език
Код за езика на текст/звукозапис или на отделно заглавие Немски
Код за езика КДБФ Немски
080 ## - УДК
Текстов определител УДК Немски език (високонемски, стандартен писмен)
УДК код - определител по УДК 811.112.2
УДК определител -318(038.1)
УДК - код + определител 811.112.2-318(038.1)
100 1# - Редна дума - Автор
Автор Schemann, Hans
Авторска отговорност първи автор
R(LIN) 23499
139 ## - Редно поле
Редна дума Schemann, Hans
Авторски знак
245 10 - Сведения за заглавието
Заглавие Deutsche Idiomatik
Подзаглавни данни Die deutschen Redewendungen im Kontext
Редно поле (дума) Hans Schemann.
260 ## - Област на издателските данни
-- Stuttgart et al.
Име на издателя, разпространителя и проч. Klett
Година на издаване 1993
300 ## - Физическа характеристика
Страници CXI, 1037 p.
Размери/Мащаб 24 cm
380 ## - Жанр
Жанр Езикознание. Филология
490 1# - СЕРИИ (Колекции)
Име на серия PONS
852 ## - Местоположение
Форматна сигнатура Цб 187027
856 4# - Електронен адрес и достъп
Електронен формат pdf - файл
Път до файла /url/
856 4# - Електронен адрес и достъп
Електронен формат pdf - файл
Път до файла /url/
942 ## - АРТИКУЛИ
Вид на библиотечния материал Книги
Скрит в OPAC Не
944 ## - СЪЗДАВАНЕ И РЕДАКЦИЯ на ЗАПИСА
Създаване/Редакция Създаване
Дата на регистрацията/редакция 01.01.1999
Служител, извършил регистрацията/редакцията AB_DOS
944 ## - СЪЗДАВАНЕ И РЕДАКЦИЯ на ЗАПИСА
Създаване/Редакция Редакция
Дата на регистрацията/редакция 10.02.2017
Служител, извършил регистрацията/редакцията Лили_Борисова
999 ## - СИСТЕМНИ КОНТРОЛНИ НОМЕРА
Koha biblionumber 49397
Koha biblioitemnumber 49397
Наличности
Код за отписване Код за изгубен артикул Източник на класификационната схема Код за повреда Коз за рестрикции Код за отдаване Артикулен № Име на библиотеката - собственик Име на библиотеката, в която се намира в момента Статус (Текущо местоположение) Дата на вписване в системата Местоположение - отдел Цена в лева Инвентарен номер Систематично азбучна сигнатура Баркод Номер на екземпляра Цена в евро Служебна бележка Служебен тип на артикула
  Не е изгубен Universal Decimal Classification Не е повреден само за читалня ползва се в читалня 77344 Регионална библиотека "Любен Каравелов" Русе Регионална библиотека "Любен Каравелов" Русе Читалня 5 - справочен фонд 2002-01-01 Читалня 5 - справочен фонд 50.00 120000905138 C5 803.0-3(038)/S 31 H 120000905138 1 25.56 Дост: Da Дата: 01.01.1993 Книги
Vip Innovations Ltd, Rousse, Bulgaria 2025